000
00473nam a2200145Ia 4500
008
151213s9999 xx 000 0 und d
100
_a
রশীদ করীম।
245
_a
আর এক দৃষ্টিকোণ।
_c
রশীদ করীম।
260
_a
ঢাকা
_b
বাংলা একাডেমী।
_c
1989
300
_a
8825 p.
650
_a
Bangla
650
_a
সাহিত্য।
700
_a
রশীদ করীম।
999
_c
4610
_d
4610